NFL Legends on other teams! - Statistics

General Stats
  • This quiz has been taken 26 times
  • The average score is 11 of 20
Answer Stats
Legend Prime Team Other Unknown Team % Correct
Joe Montana 49ers Chiefs
84%
Philip Rivers Chargers Colts
76%
Jerome Bettis Steelers Rams
76%
Marshawn Lynch Seahawks Raiders
72%
Drew Brees Saints Chargers
68%
Jerry Rice 49ers Seahawks
68%
Eli Manning * Giants Chargers
64%
John Elway * Broncos Colts
64%
Steve Young 49ers Buccaneers
60%
Ed Reed Ravens Jets
60%
LaDainian Tomlinson Chargers Jets
60%
Julio Jones Falcons Eagles
56%
Deion Sanders 49ers Ravens
56%
Brian Dawkins Eagles Broncos
48%
Bo Jackson * Raiders Buccaneers
44%
Darrell Revis Jets Chiefs
44%
Shaun Alexander Seahawks Commanders
32%
Paul Krause Vikings Commanders
32%
Larry Allen Cowboys 49ers
28%
Eric Dickerson Rams Falcons
28%
No matching quizzes found
Score Distribution
Percent of People with Each Score
Percentile by Number Answered
Your Score History
You have not taken this quiz